Responses for show #7948 - Wednesday, March 13, 2019

Contestants

Sam Corbett, an assistant office manager from New York, New York

Adrian Goldstein, a technical writer from Oakland, California

Barton Wong, a senior trading associate from Toronto, Ontario, Canada (whose 1-day cash winnings total $23,200)

Jeopardy! Round responses

THE DRY TORTUGAS
NOTABLE WOMEN
CHILDREN'S LIT
ARCHITECTURE TERMS
"PH" ≠ F
(Alex: In each correct response, the letters "PH" will come up, but not with the "F" sound. All right?)
HOLLYWOOD MEMORABILIA
(Sarah: From the archives of auction house Profiles in History.)
    $200 19
the Everglades

Barton
    $200 11
Ruth Bader Ginsburg

Sam
    $200 3
Babar

Sam
    $200 1
a tower

Barton
    $200 22
(Alex: Less than a minute now.)

uphold

Adrian
    $200 16
Wicked Witch of the West

Sam
    $400 23
Audobon

Barton
    $400 10
Marie Curie

Adrian
    $400 4
A Wrinkle in Time

Sam
    $400 2
quad

Adrian
    $400 26
peephole

Adrian
    $400 17
(Alex: You found your category, I think.)

Katniss

Sam
    $600 24
a shoal

Triple Stumper
    $600 12
Anne Frank

Sam
    $600 5
drive the bus

Adrian
    $600 8
an arch

Adrian
    $600 27
shepherd

Adrian
    $600 18
Hugh Jackman

Adrian
    $800 25
yellow fever

Adrian
    $1,200 13
Rachel Carson

Sam
    $800 6
Boston

Adrian
    $800 9
(Barton: What is eavestrough?)
(Alex: [*], yes, not an "eavesdrop.")

an eaves

BartonSam
    $800 28
(Sam: What is a striphouse?)

chophouse

Sam
Triple Stumper
    $800 20
Gene Wilder

Sam
    $1000 14
Estée Lauder

Barton
    $1000 7
giraffes

Triple Stumper
    $1000 15
(Adrian: What is...asbestos?)

stucco

Adrian
Triple Stumper
    $1000 21
Raging Bull

Sam

Scores at the first commercial break (after clue 15):

Barton Adrian Sam
$400 $1,800 $3,400

Scores at the end of the Jeopardy! Round:

Barton Adrian Sam
$1,000 $4,400 $5,000

Double Jeopardy! Round responses

(Alex: We're not dealing with the dry tortugas but...)
THE WET TORTUGAS
THE PULITZER PRIZE
TRENDING AT MERRIAM-WEBSTER
EXPENSIVE STUFF
THE BEST "OF" TV
WORLD LEADERS 1919
    $400 18
lay eggs

Sam
    $400 6
(Adrian: What is Amazon?)
(Barton: What is [*]?)
(Alex: [*], yes, 2004.)

Walmart

BartonAdrian
    $400 9
surrogate

Sam
    $400 13
Stradivarius

Sam
    $400 26
The Real Housewives of Orange County

Sam
    $400 1
League of Nations

Barton
    $800 7
Charlottesville

Barton
    $800 10
misogyny

Barton
    $800 14
The Canterbury Tales

Sam
    $800 22
(Alex: That's where the "of" comes in.)

Sons of Anarchy

Sam
    $800 2
Treaty of Versailles

Barton
    $1200 8
Roger Ebert

Sam
    $1200 19
hirsute

Sam
    $1200 15
(Alex: Yes, "Seven Year Itch" is the movie.)

Marilyn Monroe

Barton
    $1200 23
Band of Brothers

Barton
    $2,200 3
(Alex: And now you and Adrian are tied.)

the draft

Barton
    $4,000 11
The Apollo

Barton
    $1600 20
cloture

Sam
    $1600 16
chandeliers

Sam
    $1600 24
I Dream of Jeannie

Sam
    $1600 4
South Africa

Barton
    $2000 12
black lung disease

Triple Stumper
    $2000 21
(Barton: What's December 7, 1941?)
...
(Alex: Less than a minute now.)

December 7th

BartonSam
    $2000 17
Cabernet (Sauvignon)

Adrian
    $2000 25
Wide World of Sports

Barton
    $2000 5
(Alex: You ran the category. Well done. You're in the lead as a result.)

David Lloyd George

Barton

Scores at the end of the Double Jeopardy! Round:

Barton Adrian Sam
$16,400 $6,000 $17,400

[wagering suggestions for these scores]

Final Jeopardy! Round responses

NOVEL QUOTES
(Alex: The Roy, the main character, is Roy Hobbs.)
AdrianWhat is The Natural
$4,000
BartonWhat is The Natural?
$16,400
SamWhat is The gunslinger
$15,401
The Natural

Final scores:

Barton Adrian Sam
$32,800 $10,000 $1,999
2-day champion: $56,000 2nd place: $2,000 3rd place: $1,000

Game dynamics:

Coryat scores:

Barton Adrian Sam
$13,000 $6,000 $17,000
16 R
(including 2 DDs),
2 W
11 R,
2 W
22 R
(including 1 DD),
1 W

Combined Coryat: $36,000

The J! Archive is created by fans, for fans. The Jeopardy! game show and all elements thereof, including but not limited to copyright and trademark thereto, are the property of Jeopardy Productions, Inc. and are protected under law. This website is not affiliated with, sponsored by, or operated by Jeopardy Productions, Inc. Join the discussion at JBoard.tv.